| 000 -ლიდერი |
| ფიქსირებული სიგრძის საკონტროლო ველი |
01453nam a2200253Ia 4500 |
| 001 - საკონტროლო ნომერი |
| საკონტროლო ველი |
3764 |
| 003 - საკონტროლო ნომრის იდენტიფიკატორი |
| საკონტროლო ველი |
GE_BSU |
| 005 - ბოლო ოპერაციის თარიღი და დრო |
| საკონტროლო ველი |
20190812173624.0 |
| 008 - ფიქსირებული სიგრძის მონაცემთა ელემენტები - ზოგადი ინფორმაცია |
| ფიქსირებული სიგრძის საკონტროლო ველი |
181216s1983||||ge |||||||||||||| ||geo|| |
| 040 ## - კატალოგიზაციის წყარო |
| Transcribing agency |
GE_BSU |
| 041 ## - ენის კოდი |
| Language code of text/sound track or separate title |
geo |
| 080 ## - უნივერსალური ათობითი კლასიფიკაციის ინდექსი |
| Universal Decimal Classification number |
016:621 მ–44 |
| 245 ## - ცნობა სათაურის შესახებ |
| Title |
ვახტანგ მახალდიანი : |
| Remainder of title |
ბიობიბლიოგრაფია / |
| Statement of responsibility, etc |
საქ. სსრ მეცნ. აკად., ცენტრ. სამეცნ. ბიბ-კა ; [შემდგ. ნ. ბაღათურია ; რედ.: რ. დვალი, ს. ხადური. |
| 264 ## - წარმოების, გამოცემის, დისტრიბუციის და სხვა ცნობები |
| გამოცემის, წარმოების, დისტრიბუციის... ადგილი |
თბილისი : |
| გამოცემის, წარმოების, დისტრიბუციის... სახელწოდება |
მეცნიერება, |
| გამოცემის, წარმოების, დისტრიბუციის... თარიღი |
1983. |
| 300 ## - ფიზიკური აღწერა |
| Extent |
77 გვ.; |
| Other physical details |
21 სმ. |
| 490 ## - სერიის ცნობა |
| Series statement |
ქართველი მეცნიერები |
| 546 ## - LANGUAGE NOTE |
| Language note |
პარალ. თავფურც. რუს. ენ.. - წინასიტყვ. პარალ. ტექსტი რუს. და ინგლ. ენ. |
| 600 ## - SUBJECT ADDED ENTRY--PERSONAL NAME |
| Personal name |
მახალდიანი ვახტანგ |
| 9 (RLIN) |
3529 |
| 653 ## - INDEX TERM--UNCONTROLLED |
| Uncontrolled term |
მანქანათმშენებლობა - ბიბლიოგრაფია |
| 653 ## - INDEX TERM--UNCONTROLLED |
| Uncontrolled term |
მახალდიანი, ვახტანგ-ბიობიბლიოგრაფია |
| 700 ## - ADDED ENTRY--PERSONAL NAME |
| Personal name |
ბაღათურია, ნ. |
| Relator term |
შემდგენელი |
| 9 (RLIN) |
3530 |
| 700 ## - ADDED ENTRY--PERSONAL NAME |
| Personal name |
დვალი, რ. |
| Relator term |
რედაქტორი |
| 9 (RLIN) |
1528 |
| 942 ## - ADDED ENTRY ELEMENTS (KOHA) |
| Koha item type |
წიგნი |
| Source of classification or shelving scheme |
|